000 00605nam a2200121Ia 4500
008 171212s9999 xx 000 0 und d
020 _a9781925021233
245 _ceditor Carr, Barry;Minns, John
_aAustralia and Latin America
_bChallenges and Opportunities in the New Millennium
260 _bANU E Press
_c2014
650 _aHistory
650 _aIntercultural communication; Australia -- Politics and government; Latin America -- Politics and government; Australia -- Foreign relations -- Latin America; Latin America -- Foreign relations -- Australia
856 _uhttp://www.jstor.org/stable/j.ctt13wwvwb
999 _c350998
_d350998